Statistics for Country Capital without its own Subdivision

Click here to take the quiz!

General Stats

  • This quiz has been taken 23 times
  • The average score is 42 of 54

Answer Stats

ContinentFirst-level SubdivisionCapitalCountry% Correct
EuropeFederation of Bosnia and HerzegovinaSarajevoBosnia and Herzegovina
89%
North AmericaOntarioOttawaCanada
89%
EuropeHovedstadenCopenhagenDenmark
89%
AfricaMauritiusPort LouisMauritius
89%
EuropeNorth HollandAmsterdamNetherlands
89%
OceaniaMelekeokNgerulmudPalau
89%
North AmericaSaint KittsBasseterreSaint Kitts and Nevis
89%
AfricaFree StateBloemfonteinSouth Africa
89%
AfricaWestern CapeCape TownSouth Africa
89%
AfricaGautengPretoriaSouth Africa
89%
North AmericaSaint MichaelBridgetownBarbados
84%
North AmericaCayoBelmopanBelize
84%
AfricaOuéméPorto-NovoBenin
84%
AfricaCentralYaoundéCameroon
84%
AfricaGrande ComoreMoroniComoros
84%
EuropeUusimaaHelsinkiFinland
84%
EuropeÎle-de-FranceParisFrance
84%
EuropeAtticaAthensGreece
84%
South AmericaDemerara-MahaicaGeorgetownGuyana
84%
North AmericaOuestPort-au-PrinceHaiti
84%
North AmericaFrancisco MorazánTegucigalpaHonduras
84%
EuropeLazioRomeItaly
84%
North AmericaSaint GeorgeKingstownSaint Vincent and the Grenadines
84%
AfricaÁgua GrandeSão ToméSão Tomé and Príncipe
84%
AfricaEnglish RiverVictoriaSeychelles
84%
EuropeEnglandLondonUnited Kingdom
84%
North AmericaNew ProvidenceNassauBahamas
79%
AsiaBrunei-MuaraBandar Seri BegawanBrunei
79%
North AmericaSaint GeorgeRoseauDominica
79%
AfricaBioko NorteMalaboEquatorial Guinea
79%
EuropeHarjuTallinnEstonia
79%
OceaniaPohnpeiPalikirFederated States of Micronesia
79%
OceaniaRewaSuvaFiji
79%
AfricaCentral EquatoriaJubaSouth Sudan
79%
OceaniaTongatapuNuku'alofaTonga
79%
OceaniaShefaPort VilaVanuatu
79%
AfricaCentreOuagadougouBurkina Faso
74%
South AmericaPichinchaQuitoEcuador
74%
AfricaMaekelAsmaraEritrea
74%
AfricaEstuaireLibrevilleGabon
74%
AfricaAnalamangaAntananarivoMadagascar
74%
AfricaCentralLilongweMalawi
74%
AfricaBanaadirMogadishuSomalia
74%
AfricaMaritimeLoméTogo
74%
AfricaHhohhoMbabaneEswatini
68%
AfricaMontserradoMonroviaLiberia
68%
AfricaKhomasWindhoekNamibia
68%
AfricaWesternFreetownSierra Leone
68%
AsiaAl AsimahKuwait CityKuwait
63%
EuropeMasovianWarsawPoland
63%
EuropeCentarSkopjeNorth Macedonia
58%
EuropeSouth EasternVallettaMalta
53%
AsiaBagmatiKathmanduNepal
53%
AsiaWesternSri Jayawardenepura KotteSri Lanka
37%

Score Distribution

Percentile by Number Answered

Percent of People with Each Score

Your Score History

You have not taken this quiz